Statystyki dla Irlandia - Prawda czy fałsz?

Kliknij tutaj aby rozwiązać quiz!

Ogólne statystyki

  • Ten quiz został rozwiązany 124 razy
  • Średni wynik to 9 z 15

Statystyki odpowiedzi

ZagadnienieOdpowiedź% Poprawnych
Stolica Irlandii nazywa się Belfast.Fałsz
93%
Waluta Irlandii to euro.Prawda
88%
Na drogach obowiązuje ruch lewostronny.Prawda
78%
Oficjalnie rząd Irlandii nie uznaje terminu „Wyspy Brytyjskie”.Prawda
73%
Dzień Świętego Patryka obchodzony jest w dacie jego śmierci.Prawda
62%
Jamesa Bonda zagrał jakikolwiek irlandzki aktor.Prawda
61%
Populacja Irlandii jest dziś niższa, niż przed klęską głodu, które dotknęła Irlandie w latach 1845-1852.Prawda
59%
Na terenie Irlandii nie ma dzikich węży.Prawda
58%
Akcja powieści Jamesa Joyce'a „Ulisses” umiejscowiona jest w starożytnej Grecji.Fałsz
53%
Około 40% obywateli Irlandii mówi po irlandzku, jako najważniejszy język.Fałsz
53%
Colcannon to trzecie największe miasto Irlandii.Fałsz
53%
Irlandia wygrała konkurs piosenki Eurowizji więcej razy niż jakikolwiek inny kraj.Prawda
42%
Caber toss to tradycyjny irlandzki sport. (Rzut palem, rzut kłodą)Fałsz
39%
Najpopularniejsze płatki zbożowe w Irlandii to Lucky Charms.Fałsz
36%
Powstanie bożonarodzeniowe z 1916 r. było powstaniem przeciwko rządom w Wielkiej Brytanii.Fałsz
30%

Rozkład punktacji

Percentyl według liczby udzielonych odpowiedzi

Procent ludzi z każdym wynikiem

Twoja historia wyników

Nie rozwiązałeś tego quizu